ბათუმის შოთა რუსთაველის სახელმწიფო უნივერსიტეტის ბიბლიოთეკა

არის ასეთი ქვეყანა (ბიბ.ჩანაწერი № 43120)

000 -LEADER
fixed length control field 00731nam a2200229Ia 4500
001 - CONTROL NUMBER
control field 9841
003 - CONTROL NUMBER IDENTIFIER
control field GE_BSU
008 - FIXED-LENGTH DATA ELEMENTS--GENERAL INFORMATION
fixed length control field 181216s||||||||xx |||||||||||||| ||und||
040 ## - CATALOGING SOURCE
Transcribing agency GE_BSU
080 ## - UNIVERSAL DECIMAL CLASSIFICATION NUMBER
Universal Decimal Classification number 821.353.1-1
100 ## - MAIN ENTRY--PERSONAL NAME
Personal name ნონეშვილი,იოსებ
245 ## - TITLE STATEMENT
Title არის ასეთი ქვეყანა
245 ## - TITLE STATEMENT
Remainder of title ლექსები
245 ## - TITLE STATEMENT
Statement of responsibility, etc. რედ:მ,ჭავჭანიძე,მხატვ:ჯ.ყაველაშვილი
260 ## - PUBLICATION, DISTRIBUTION, ETC.
Place of publication, distribution, etc. თბილისი
260 ## - PUBLICATION, DISTRIBUTION, ETC.
Name of publisher, distributor, etc. ნაკადული
260 ## - PUBLICATION, DISTRIBUTION, ETC.
Date of publication, distribution, etc. 1960
300 ## - PHYSICAL DESCRIPTION
Extent 110გვ;20სმ
653 ## - INDEX TERM--UNCONTROLLED
Uncontrolled term არის ასეთი ქვეყანა
653 ## - INDEX TERM--UNCONTROLLED
Uncontrolled term ლექსები
942 ## - ADDED ENTRY ELEMENTS (KOHA)
Koha item type წიგნი
ეგზემპლარები
Withdrawn status Lost status Damaged status Not for loan Date acquired Barcode Date last seen Price effective from Koha item type Public note
        2018-12-17 33013 2018-12-17 2018-12-17 წიგნი  
        2018-12-17 33014 2018-12-17 2018-12-17 წიგნი  
        2018-12-17 33015 2018-12-17 2018-12-17 წიგნი  
        2018-12-17 41475 2018-12-17 2018-12-17 წიგნი აგრარული ტექ.ფაკ.
        2018-12-17 41476 2018-12-17 2018-12-17 წიგნი აგრარული ტექ.ფაკ.